000 01238nam a22002417a 4500
001 35683
003 UA-OsUOA
005 20260310095507.0
007 ta
008 20051212b un ||un c|||| 00| 0 ukr dukr d
040 _aUA-OsUOA
_bukr
_cUA-OsUOA
_dUA-OsUOA
041 _aukr
080 _a94(477)"1917/1921":329.15(477)
090 _a94(477)"1917/1921":329.15(477)
_bБ79
100 _aБолабольченко А.
_924346
245 _aВсеволод Голубович і "Справа УПС - Р"
_cАнатолій Болабольченко
260 _aКиїв
_bУКПС "Кобза"
_c1993
300 _a56 с.
520 _aКнига висвітлює маловідомі сторінки історії України 20-30-х років нинішнього століття. Читач довідається про життєву й політичну долю одного з прем'єр-міністрів Української Народної Республіки Всеволода Голубовича та інших тогочасних державних і громадських діячів.
650 7 _a94(477) Історія України
_2UDC
_91446
942 _cBK
_2udc
955 _a1
999 _c322050
_d322050